000 00299nam a22001217a 4500
040 _cHS
082 _a664
100 _aគា គីមអេង
245 _aFish processing កែច្នៃផលនេសាទ
260 _aRUA
_bគា គីមអេង
_c2011
300 _a75p;
942 _cKB
999 _c9762
_d9762